Country Chain - From Small to Big and Back - Statistics

General Stats
  • This quiz has been taken 40 times
  • The average score is 8 of 12
Answer Stats
Hint Answer % Correct
Country? Continent? Island? Australia
85%
First Country in the Alphabet Afghanistan
82%
A lot of desert Algeria
82%
Island of Oceania Nauru
79%
"Holy" Country Vatican
79%
It´s not Uruguay Argentina
76%
Does play football in South America Ecuador
76%
Doesn´t play football in South America Suriname
70%
Bigger than Pluto Russia
67%
Not just one "State" United Arab Emirates
58%
Not so much desert, but still hot Angola
48%
NO WAY there ARE no countries left Norway
27%
No matching quizzes found
Score Distribution
Percent of People with Each Score
Percentile by Number Answered
Your Score History
You have not taken this quiz